Historic deal offers reprieve for hunting (Record no. 66524)

MARC details
000 -LEADER
fixed length control field 00778cam a2200205 4500
001 - CONTROL NUMBER
control field WB3713-29
008 - FIXED-LENGTH DATA ELEMENTS--GENERAL INFORMATION
fixed length control field 000000n2001 000 0 eng u
035 ## - SYSTEM CONTROL NUMBER
System control number (Sirsi) u111644
245 ## - TITLE STATEMENT
Title Historic deal offers reprieve for hunting
260 ## - PUBLICATION, DISTRIBUTION, ETC.
Date of publication, distribution, etc. 2001
490 ## - SERIES STATEMENT
Series statement Observer
Volume/sequential designation 25 March 2001, 4(1)
520 ## - SUMMARY, ETC.
Summary, etc. In a move designed to avoid a total ban on hunting, the Countryside Alliance is due to support a set of 'middle way' proposals which call for statutory laws to control hunting. The alliance's president said they would agree with any proposals that would allow them to continue hunting.
590 ## - LOCAL NOTE (RLIN)
Local note WB
650 ## - SUBJECT ADDED ENTRY--TOPICAL TERM
Topical term or geographic name entry element COUNTRYSIDE ALLIANCE
650 ## - SUBJECT ADDED ENTRY--TOPICAL TERM
Topical term or geographic name entry element FOX HUNTING
650 ## - SUBJECT ADDED ENTRY--TOPICAL TERM
Topical term or geographic name entry element ANIMAL RIGHTS
650 ## - SUBJECT ADDED ENTRY--TOPICAL TERM
Topical term or geographic name entry element LEGISLATION
690 ## - LOCAL SUBJECT ADDED ENTRY--TOPICAL TERM (OCLC, RLIN)
Topical term or geographic name as entry element Rural
9 (RLIN) 6268
942 ## - ADDED ENTRY ELEMENTS (KOHA)
Suppress in OPAC 0
Holdings
Withdrawn status Lost status Source of classification or shelving scheme Damaged status Not for loan Home library Current library Shelving location Date acquired Total Checkouts Full call number Barcode Date last seen Copy number Price effective from Koha item type
    Dewey Decimal Classification     London London News article 27/03/2001   WB3713-29 111644-1001 06/08/2019 1 06/08/2019 News article
    Dewey Decimal Classification     London London News article 27/03/2001   WB3713-29 111644-1002 06/08/2019 2 06/08/2019 News article